00000000cas 2200000zi 4500
0019.957708
003CaOODSP
00520251209154605
006m     o  d f      
007cr cn ||||||||
008251126d19881993nscqr p o    f0    0eng|d
022 |y0845-602X
040 |aCaOODSP|beng|erda|cCaOODSP
043 |an-cn-ns
0861 |aC12-8E-PDF
24500|aNova Scotia export news.
264 1|aHalifax, N.S. : |bIndustry, Science and Technology Canada = Industrie, sciences et technologie Canada
310 |aQuarterly
336 |atext|btxt|2rdacontent
337 |acomputer|bc|2rdamedia
338 |aonline resource|bcr|2rdacarrier
3621 |aBegan with fall 1988? Ceased in 1993?
500 |aDigitized edition from print [produced by Innovation, Science and Economic Development Canada].
588 |aDescription based on: Fall 1988; title from PDF caption.
588 |aLatest issue consulted: Summer 1990.
650 0|aExports|zNova Scotia|vPeriodicals.
650 6|aExportations|zNouvelle-Écosse|vPériodiques.
651 0|aNova Scotia|xCommerce|vPeriodicals.
651 6|aNouvelle-Écosse|xCommerce|vPériodiques.
655 7|aPeriodicals|2lcgft
655 7|aPériodiques|2rvmgf
7101 |aCanada. |bIndustry, Science and Technology Canada, |eissuing body.